Barok : tři essaye /

Uložené v:
Podrobná bibliografia
Hlavný autor: Groce, B. (Author)
Médium: Kniha
Jazyk:Czech
Vydané: Praha : Kvasnička a Hampl, 1927.
Vydanie:1. vyd.
Edícia:Nová biblioteka sv. 12
ISBN: (brož.)
Fyzický popis: 70 s.
Tagy: Pridať tag
Žiadne tagy, Buďte prvý kto otaguje tento záznam!

MARC

LEADER 00000nam a22000004a 4500
001 000426310
005 20130708171135.0
008 130708s1927 xr e 000 0 cze d
020 |a (brož.)  |c Kčs 0,00 
040 |a SVKKK  |b slo  |c SVKKK  |e AACR2 
041 0 |a cze 
044 |a xr  |c CZ 
100 1 |a Groce, B.  |4 aut 
245 1 0 |a Barok :  |b tři essaye /  |c B. Groce. 
250 |a 1. vyd. 
260 |a Praha :  |b Kvasnička a Hampl,  |c 1927. 
300 |a 70 s. 
490 1 |a Nová biblioteka  |v sv. 12 
830 0 |a Nová biblioteka  |v sv. 12 
910 |a svkkk 
998 |a BK 
090 |g SCKHL  |k Sklad Hlavná 10 suterén  |a I.20830  |j 273324  |i 2720284684  |s Prezenčne